Quizzes
Events
Quiz Creation
Community
Videos
Private Events
Remove Ads
Sign In
Join for FREE
Feedback
Dark Mode
Quiz Categories
Sports
Geography
Music
Movies
Television
Just For Fun
Miscellaneous
History
Literature
Language
Science
Gaming
Entertainment
Religion
Holiday
For Kids
Quiz Lab
Recent
Popular Today
Quiz Kudos Today
Editor Picks
Curator Picks
Quizzes by...
Day
Popularity
Type
Ratings
Length
Year
Community
Subscriptions
Recent Discussions
Orange Saloon
Badges
Playlists
Quests
Create
Leaderboards
Showdown
Live 5
Trivia Bingo
Activity
Puzzle Library
Sporcle Events
Private Events
Virtual Trivia
Globe League
Become a Host
Pub Owners
SporcleCon
Opinionation
Our Games
Videos
Blog
Mobile Apps
Partnerships
Remove Ads and Go Orange
Feedback
Geography
Country
Landmarks
City
State
Population
World
Capital
Continent
Flags
Europe
Africa
Asia
South America
North America
Oceania
Border
Canada
United Kingdom
Topography
United States
Geography
Country
Landmarks
City
State
Population
World
Capital
Continent
Flags
Europe
Africa
Asia
South America
North America
Oceania
Border
Canada
United Kingdom
Topography
United States
Random Quiz
Search Sporcle
×
Quiz Lab
Quiz Lab
Geography
Politics
Type in answers that appear in a list
Type in answers that appear in a list
Classic
Best Score? Go Orange.
Countries That Recognize Cyprus Minefield Stats
Can you name the countries that recognize Cyprus while avoiding the one that doesn't?
By
Zant
15m
195 Questions
14 Plays
14 Plays
14 Plays
Comments
Comments
Give Quiz Kudos
Give Quiz Kudos
-
- Ratings
hide this ad
More Info
Minefield
Wrong answers will end the quiz
Wrong answers will end the quiz
Wrong Answers
Some wrong answers will appear in red
Some wrong answers will appear in red
Replay
Link that replays current quiz
Next Quiz
Link to next quiz in quiz playlist
You Got
0%
They Got
Avg Score
34%
Avg Friend Score
Upgrade to see
Score Distribution
Jump to the score distribution portion of the page
Score
0/195
Timer
15:00
0
Plays Today
Country
% Correct
???
85.7%
???
57.1%
???
57.1%
???
57.1%
???
57.1%
???
57.1%
???
57.1%
???
57.1%
???
50%
???
50%
???
50%
???
50%
???
50%
???
50%
???
50%
???
42.9%
???
42.9%
???
42.9%
???
42.9%
???
42.9%
???
42.9%
???
42.9%
???
42.9%
???
42.9%
???
42.9%
???
42.9%
???
42.9%
???
42.9%
???
42.9%
???
42.9%
???
42.9%
???
42.9%
???
42.9%
???
42.9%
???
42.9%
???
42.9%
???
42.9%
???
42.9%
???
42.9%
???
35.7%
???
35.7%
???
35.7%
???
35.7%
???
35.7%
???
35.7%
???
35.7%
???
35.7%
???
35.7%
???
35.7%
???
35.7%
???
35.7%
???
35.7%
???
35.7%
???
35.7%
???
35.7%
???
35.7%
???
35.7%
???
35.7%
???
35.7%
???
35.7%
???
35.7%
???
35.7%
???
35.7%
???
35.7%
???
35.7%
Country
% Correct
???
35.7%
???
35.7%
???
35.7%
???
35.7%
???
35.7%
???
35.7%
???
35.7%
???
35.7%
???
35.7%
???
35.7%
???
35.7%
???
35.7%
???
35.7%
???
35.7%
???
35.7%
???
35.7%
???
35.7%
???
35.7%
???
35.7%
???
35.7%
???
35.7%
???
35.7%
???
35.7%
???
35.7%
???
35.7%
???
35.7%
???
35.7%
???
35.7%
???
35.7%
???
35.7%
???
35.7%
???
35.7%
???
35.7%
???
35.7%
???
35.7%
???
35.7%
???
35.7%
???
35.7%
???
35.7%
???
35.7%
???
35.7%
???
35.7%
???
35.7%
???
28.6%
???
28.6%
???
28.6%
???
28.6%
???
28.6%
???
28.6%
???
28.6%
???
28.6%
???
28.6%
???
28.6%
???
28.6%
???
28.6%
???
28.6%
???
28.6%
???
28.6%
???
28.6%
???
28.6%
???
28.6%
???
28.6%
???
28.6%
???
28.6%
???
28.6%
Country
% Correct
???
28.6%
???
28.6%
???
28.6%
???
28.6%
???
28.6%
???
28.6%
???
28.6%
???
28.6%
???
28.6%
???
28.6%
???
28.6%
???
28.6%
???
28.6%
???
28.6%
???
28.6%
???
28.6%
???
28.6%
???
28.6%
???
28.6%
???
28.6%
???
28.6%
???
28.6%
???
28.6%
???
28.6%
???
28.6%
???
28.6%
???
28.6%
???
28.6%
???
28.6%
???
28.6%
???
28.6%
???
28.6%
???
28.6%
???
28.6%
???
28.6%
???
28.6%
???
28.6%
???
28.6%
???
28.6%
???
28.6%
???
28.6%
???
28.6%
???
28.6%
???
28.6%
???
28.6%
???
28.6%
???
28.6%
???
28.6%
???
28.6%
???
28.6%
???
28.6%
???
28.6%
???
28.6%
???
28.6%
???
28.6%
???
28.6%
???
28.6%
???
28.6%
???
28.6%
???
28.6%
???
28.6%
???
28.6%
???
28.6%
???
28.6%
???
28.6%
Quiz Playlist
Details
Report
Send in Message
Add To Playlist
More Info:
Cyprus itself doesn't count.
Classic:
Type in answers that appear in a list
Minefield:
Wrong answers will end the quiz
Wrong Answers:
Some wrong answers will appear in red
Last Updated: Sep 6, 2017
Quiz Scoreboard
CHALLENGE
Sign Up to Join the Scoreboard
Show All
Scores
Hide
Comments
May contain spoilers
Recently Published
Presidents Visiting Landmarks
by Hejman
History
7m
An Introduction to Baseball
by treessimontrees
Sports
5m
Movies - When Are They Set?
by FPL_Elf
Movies
5m
More to Explore
Quiz From the Vault
Featured Blog Post
Where Did the Easter Bunny Come From?
hide this ad
You Might Also Like...
Tags
Country Quiz
Politics Quiz
World Quiz
recognition
Today's Top Quizzes in Geography
Browse Geography
hide this ad
Today's Top Quizzes in Politics
Browse Politics
Top Contributed Quizzes in Geography
1
Countries of the World - No Outlines Minefield
2
Top 25 Cities of France on a map
3
Any capital of a 'B' country per Continent
4
Closest Countries to UK A-Z
5
Any capital of a 'C' country per Continent
6
One Thing in Common: United Kingdom
7
Any capital of a 'D' country per Continent
8
Find the Provinces of Canada - No Outlines Minefield
9
5-to-1: US Geography No Hints
10
Any capital of an 'E' country per Continent
Explore More
Trending Topics
Anime
Kpop
Crossword
Harry Potter
NBA
Disney
Marvel
The Office
Soccer
Country
WWE
Puzzle
Song
Pokémon
NFL
hide this ad
More By:
Zant
Quiz
Plays
Rating
Category
Featured
Created
Doki Doki Literature Club Characters
6,023
4.93
Gaming
Nov 7, 2017
Doki Doki Literature Club-''Your Reality'' Lyrics
4,859
5.00
Gaming
Nov 7, 2017
Countries That Recognize Somaliland Minefield
3,242
5.00
Geography
Sep 6, 2017
Zelda: Ganon Final Boss Minefield
1,705
5.00
Gaming
Aug 12, 2017
Größte Länder der Welt pro Buchstabe
935
5.00
Geography
Feb 5, 2020
Go to Creator's Profile
Score Distribution
Quiz Creator Spotlight
Zant
Follow
Send a Message
Quizzes Created
-
Created Quiz Play Count
-
More By This Creator
Popular Quizzes Today
1
Find the US States - No Outlines Minefield
2
Find the Countries of Europe - No Outlines Minefield
3
The Countries of the World
4
Find the US States
5
Popular People in 1961
6
US States
7
Risky Map Clicking: Biggest States A-Z
8
1-10 Letter E Words III
More Geography Quizzes
Top 10 Almond producing countries
Quiz Lab
Trending Quizzes
Risky Map Clicking: Least Populous States A-Z
1-10 Letter G Words
1-10 Letter F Words
Risky Map Clicking: Next State Alphabetically
Risky Map Clicking: Biggest States A-Z
Recently Updated
Leaping Animals
pecheneg
Reality TV Shows (A-Z)
bhenderson79
Rickey Henderson's Hall of Fame Teammates
pecheneg
Champions League XIs: Arsenal
pecheneg
Quick Pick: Celebrities in WWE's Hall of Fame
aduchscher
A-Z Keypad Blitz II
pecheneg
Multiple Oscar Actors
pecheneg
Mystery Phrase Blitz: Oscar 'Best Actors'
pecheneg
F. Scott Fitzgerald Novels
LTH
Pick 3 Villains
ddd62291
Trending Topics
Marvel
Disney
Harry Potter
Crossword
NBA
Kpop
Anime
Puzzle
Country
Pokémon
Soccer
The Office
NFL
Song
WWE
Your Account Isn't Verified!
In order to create a playlist on Sporcle, you need to verify the email address you used during registration. Go to your
Sporcle Settings
to finish the process.
Report this User
Report this user for behavior that violates our
Community Guidelines
.
Details:
Send Report
Go to the Sporcle.com Mobile Site →
Comments